[Event "PriFR-ch Seniors 6th"]
[Site "Samara"]
[Date "2008.03.16"]
[Round "6"]
[White "Tereshin, Igor"]
[Black "Ostashevsky, Gennady"]
[Result "1/2-1/2"]
[WhiteElo "2113"]
[BlackElo "2183"]
[PlyCount "59"]
[EventDate "2008.03.11"]
[EventType "swiss"]
[EventRounds "9"]
[EventCountry "RUS"]
[SourceTitle "EXT 2022"]
[Source "ChessBase"]
[SourceDate "2021.10.06"]
[SourceVersion "1"]
[SourceVersionDate "2021.10.06"]
[SourceQuality "1"]

1. c4 g6 2. g3 Bg7 3. Bg2 d6 4. d4 Nf6 5. Nc3 0-0 6. e3 e5 7. Nge2 c6 8. 0-0 Nbd7 9. b3 Re8 10. a4 e4 11. Nf4 Nf8 12. f3 g5 13. Nfe2 exf3 14. Bxf3 Bh3 15. Bg2 Qd7 16. Qd3 h6 17. Bd2 Re7 18. Rf3 Rae8 19. Raf1 N8h7 20. Kh1 Bxg2+ 21. Kxg2 a6 22. Rf5 Ng4 23. R5f3 h5 24. h3 Nh6 25. R3f2 f5 26. b4 d5 27. b5 Ra8 28. bxc6 bxc6 29. cxd5 cxd5 30. Rb1 1/2-1/2